000 00558nam a2200229Ia 4500
008 101110s9999 xx 000 0 und d
041 _aMARATHI
082 _bJR4841
100 _aKulkarni Ram
245 _aGod Bola-Pudhe Chala
260 _c2005
_bSanika Prakashan,Nashika
300 _a80
365 _b50
520 _aGowande sir Interest & expenditure/2005-06
520 _aMarathi
546 _aMARATHI
630 _aGod Bola-Pudhe Chala
650 _aMarathi
655 _aMarathi
730 _aGod Bola-Pudhe Chala
942 _cBOOK
999 _c795653
_d795650